[Event "Krakow Olimpic op"]
[Site "Krakow"]
[Date "2019.10.06"]
[Round "5"]
[White "Pawlikowski, Jakub"]
[Black "Owoc, Jakub"]
[Result "0-1"]
[WhiteElo "1325"]
[BlackElo "1660"]
[PlyCount "112"]
[EventDate "2019.10.04"]
[EventType "swiss"]
[EventRounds "5"]
[EventCountry "POL"]
[SourceTitle "EXT 2020"]
[Source "ChessBase"]
[SourceDate "2019.10.17"]
[SourceVersion "1"]
[SourceVersionDate "2019.10.17"]
[SourceQuality "1"]

1. e4 c6 2. d4 d5 3. exd5 cxd5 4. Nf3 Nc6 5. c4 e6 6. Nc3 Nf6 7. Be3 Bb4 8. Qb3 0-0 9. Bd3 Qb6 10. a3 dxc4 11. Qxc4 Bxc3+ 12. Qxc3 Nd5 13. Qc2 f5 14. 0-0 Bd7 15. Rfd1 Rac8 16. Qe2 h6 17. Rac1 f4 18. Bd2 Nxd4 19. Nxd4 Qxd4 20. Be3 Nxe3 21. fxe3 Qxe3+ 22. Qxe3 fxe3 23. Rxc8 Rxc8 24. Re1 Re8 25. Rxe3 e5 26. Kf2 Kf7 27. Bc4+ Be6 28. Bb5 Rc8 29. Rxe5 a6 30. Ba4 Rc1 31. Re1 Rc5 32. Re3 Kf6 33. Bb3 Bxb3 34. Rxb3 Rc2+ 35. Kg3 b5 36. Rf3+ Ke6 37. b4 Kd5 38. h3 Kc4 39. Kh2 Rc3 40. Rf4+ Kb3 41. Rf7 Kxa3 42. Rxg7 Kxb4 43. Rg6 a5 44. Rxh6 a4 45. g4 a3 46. Ra6 Kb3 47. g5 Kb2 48. g6 b4 49. g7 Rc8 50. h4 Rg8 51. Ra7 a2 52. h5 Rxg7 53. Rxg7 a1Q 54. h6 Qa8 55. h7 Qh8 56. Rb7 b3 0-1

[Event "Krakow Olimpic op"]
[Site "Krakow"]
[Date "2019.10.05"]
[Round "2"]
[White "Pietrzak, Tomasz1"]
[Black "Pawlikowski, Jakub"]
[Result "1-0"]
[WhiteElo "1687"]
[BlackElo "1325"]
[PlyCount "83"]
[EventDate "2019.10.04"]
[EventType "swiss"]
[EventRounds "5"]
[EventCountry "POL"]
[SourceTitle "EXT 2020"]
[Source "ChessBase"]
[SourceDate "2019.10.17"]
[SourceVersion "1"]
[SourceVersionDate "2019.10.17"]
[SourceQuality "1"]

1. d4 f5 2. g3 d5 3. Bg2 Nf6 4. c4 e6 5. h4 c6 6. Nh3 Bd6 7. Bf4 0-0 8. e3 Bb4+ 9. Nc3 Ne4 10. Qc2 Bd6 11. 0-0 b6 12. Nxe4 fxe4 13. Kh2 Bb7 14. f3 exf3 15. Bxf3 Bxf4 16. Nxf4 Qd6 17. Bg4 Re8 18. Nh5 Nd7 19. Rf2 Rf8 20. Raf1 Rxf2+ 21. Rxf2 Rf8 22. Nf4 e5 23. Ne6 Rxf2+ 24. Qxf2 Nf6 25. Bh3 exd4 26. exd4 dxc4 27. Ng5 Qe7 28. Qc2 c5 29. Be6+ Kh8 30. Nf7+ Kg8 31. Qxc4 Bd5 32. Bxd5 Nxd5 33. Ng5 Qd7 34. dxc5 bxc5 35. Qxc5 Nf6 36. Qc4+ Nd5 37. Qb3 g6 38. Qb8+ Kg7 39. Qe5+ Kg8 40. Ne6 Nb6 41. Qf6 h5 42. Qf8+ 1-0